Diccionario de la lengua española : esencial /
Guardado en:
| Formato: | Libro |
|---|---|
| Publicado: |
México :
Larousse,
1999
|
| Materias: | |
| Etiquetas: |
Agregar Etiqueta
Sin Etiquetas, Sea el primero en etiquetar este registro!
|
| LEADER | 00471nam a22001695a 4500 | ||
|---|---|---|---|
| 001 | CEM.cems010425 | ||
| 005 | 20080519131417.0 | ||
| 008 | 130507s1999##################000#0#####d | ||
| 003 | CEMS | ||
| 020 | |a 9706074252 | ||
| 082 | 0 | 4 | |a 463 |
| 245 | 0 | 0 | |a Diccionario de la lengua española : |b esencial / |
| 260 | |a México : |b Larousse, |c 1999 | ||
| 300 | |a 727 p. | ||
| 653 | |a Diccionarios | ||
| 653 | |a Diccionario castellano | ||
| 859 | |a CEMS |b BIB. CEMS - 11 de abril |h 463 |i L328 |p 20991.00 |t Ej.1 | ||
